MARC

LEADER 00000nam0a2200000 4500
001 155597
005 20231031152520.0
035 |a (RuTPU)RU\TPU\book\168775 
090 |a 155597 
100 |a 20090317d1967 m y0rusy50 ca 
101 0 |a rus 
102 |a RU 
105 |a a z 001zy 
200 1 |a Ручной строительный пневматический инструмент  |e обзор  |f А. М. Раздольский  |g Научно-исследовательский институт информации по строительному, дорожному и коммунальному машиностроению (НИИИинстройдоркоммунмаш) 
210 |a Москва  |c НИИИнфстройдоркоммунмаш  |d 1967 
215 |a 119 с.  |c ил. 
225 1 |a Механизированный инструмент и отделочные машины 
320 |a Библиогр.: с. 118. 
610 1 |a строительные инструменты 
610 1 |a приспособления 
610 1 |a воздушные компрессоры 
610 1 |a классификация 
610 1 |a действие 
610 1 |a испытания 
675 |a 624.93.0025.2  |v 3 
700 1 |a Раздольский  |b А. М. 
712 0 2 |a Научно-исследовательский институт информации по строительному, дорожному и коммунальному машиностроению (НИИИинстройдоркоммунмаш)  |2 stltpush  |3 (RuTPU)RU\TPU\col\13082 
801 1 |a RU  |b 63413507  |c 20090317  |g PSBO 
801 2 |a RU  |b 63413507  |c 20140204  |g RCR 
942 |c BK